000 005530000a22001690004500
003 MACL
005 20160309155722.0
008 160309b xxu||||| |||| 00| 0 eng d
040 _aMACL
_cMACL
041 _aHindi
082 _a891.432
100 _aशास्‍त्री आचार्य चतुरसेन
_944235
245 _aपग-ध्‍वनि
260 _bआत्‍माराम एण्‍ड संस
_c1952
_aनई दिल्‍ली
650 _aIndian Literature Drama
_944236
942 _cHIN
_k891.432
_2ddc
999 _c23193
_d23193